zpět

Detail výsledku týmu

U Pilnáčka, Hradec Králové

Datum a čas kvízu

26.5 Celkem bodů Celkový počet nahraných bodů na tomto kvízu bez doplňovacích otázek.
3. Pořadí na kvízu Konečné umístění týmu na tomto kvízu.

Zaznamenané odpovědi

# Otázka Odpověď Body Výsledky
1. Minulý týden bylo oznámeno, že... Emmanuel Macron 1
2. Pokutami v celkové výši přes 3... Donald Trump 1
3. Jak se nazývá oblíbený komiks,... Čtyřlístek 1
4. Tradiční český výrobce klavírů... Petrof 1
5. Který norský sportovec získal... Johannes Bö 1
6. Obec s nejdelším názvem v Česk... A 0
7. Česká republika se dělí na 14... Karlovy Vary, Jihlava 0.5
8. Nejníže položené sídlo v České... Hřensko 0
9. Nejsevernější obec Česka se jm... C 0
10. V České republice jsou čtyři ú... NP Šumava 0